<?xml version="1.0" encoding="UTF-8"?>
<collection xmlns="http://www.loc.gov/MARC21/slim">
 <record>
  <leader>05284nam a22005297a 4500</leader>
  <controlfield tag="001">AAL6980</controlfield>
  <controlfield tag="003">BD-DhAAL</controlfield>
  <controlfield tag="005">20230803121149.0</controlfield>
  <controlfield tag="008">160222t20072018bg a|||| b||| 00| 0 ben d</controlfield>
  <datafield tag="020" ind1=" " ind2=" ">
   <subfield code="a">9847010500066</subfield>
  </datafield>
  <datafield tag="020" ind1=" " ind2=" ">
   <subfield code="a">9789844325029</subfield>
  </datafield>
  <datafield tag="040" ind1=" " ind2=" ">
   <subfield code="a">BD-DhAAL</subfield>
   <subfield code="c">BD-DhAAL</subfield>
  </datafield>
  <datafield tag="082" ind1=" " ind2=" ">
   <subfield code="a">320.95492 </subfield>
  </datafield>
  <datafield tag="100" ind1=" " ind2=" ">
   <subfield code="a">হক, আবুল ফজল.</subfield>
   <subfield code="9">18095</subfield>
  </datafield>
  <datafield tag="245" ind1=" " ind2=" ">
   <subfield code="a">বাংলাদেশের শাসনব্যবস্থা ও রাজনীতি /</subfield>
   <subfield code="c">আবুল ফজল হক.</subfield>
  </datafield>
  <datafield tag="246" ind1=" " ind2=" ">
   <subfield code="a">Bangladesher Shasonbyabostha o rajneeti</subfield>
  </datafield>
  <datafield tag="250" ind1=" " ind2=" ">
   <subfield code="a">চতুর্থ পরিমারজিত সংস্করণ ২০১৮.</subfield>
  </datafield>
  <datafield tag="260" ind1=" " ind2=" ">
   <subfield code="a">ঢাকা :</subfield>
   <subfield code="b">অনন্যা, </subfield>
   <subfield code="c">২০০৭.</subfield>
  </datafield>
  <datafield tag="300" ind1=" " ind2=" ">
   <subfield code="a">৪০৮ পৃষ্ঠা,</subfield>
   <subfield code="a">৪৪৬ পৃষ্ঠা :</subfield>
   <subfield code="b">চিত্র ;</subfield>
   <subfield code="c">২২ সে.মি.</subfield>
  </datafield>
  <datafield tag="504" ind1=" " ind2=" ">
   <subfield code="a">গ্রন্থপঞ্জিগত নির্দেশিকা অন্তভূক্ত</subfield>
  </datafield>
  <datafield tag="526" ind1=" " ind2=" ">
   <subfield code="a">GenEd</subfield>
  </datafield>
  <datafield tag="541" ind1=" " ind2=" ">
   <subfield code="a">Development Book Agency</subfield>
   <subfield code="e">6980, 41607, 41608, 41609, 41610, 41611, 41612, 41613, 41614, 41615, 41616.</subfield>
  </datafield>
  <datafield tag="650" ind1=" " ind2=" ">
   <subfield code="a">Political science.</subfield>
   <subfield code="9">18096</subfield>
  </datafield>
  <datafield tag="651" ind1=" " ind2=" ">
   <subfield code="a">Bangladesh </subfield>
   <subfield code="x">Politics and government.</subfield>
   <subfield code="9">18097</subfield>
  </datafield>
  <datafield tag="852" ind1=" " ind2=" ">
   <subfield code="a">Savar Campus Library</subfield>
   <subfield code="c">General Shelf</subfield>
  </datafield>
  <datafield tag="942" ind1=" " ind2=" ">
   <subfield code="2">ddc</subfield>
   <subfield code="c">BK</subfield>
  </datafield>
  <datafield tag="999" ind1=" " ind2=" ">
   <subfield code="c">36905</subfield>
   <subfield code="d">36905</subfield>
  </datafield>
  <datafield tag="952" ind1=" " ind2=" ">
   <subfield code="0">0</subfield>
   <subfield code="1">0</subfield>
   <subfield code="2">ddc</subfield>
   <subfield code="4">0</subfield>
   <subfield code="6">320_954920000000000_HAQ</subfield>
   <subfield code="7">0</subfield>
   <subfield code="9">58092</subfield>
   <subfield code="a">SCL</subfield>
   <subfield code="b">SCL</subfield>
   <subfield code="c">GEN</subfield>
   <subfield code="d">2016-02-22</subfield>
   <subfield code="g">225.00</subfield>
   <subfield code="l">13</subfield>
   <subfield code="m">12</subfield>
   <subfield code="o">320.95492 HAQ</subfield>
   <subfield code="p">3020006980</subfield>
   <subfield code="r">2024-09-24</subfield>
   <subfield code="s">2024-09-19</subfield>
   <subfield code="t">1</subfield>
   <subfield code="w">2016-02-22</subfield>
   <subfield code="y">BK</subfield>
  </datafield>
  <datafield tag="952" ind1=" " ind2=" ">
   <subfield code="0">0</subfield>
   <subfield code="1">0</subfield>
   <subfield code="2">ddc</subfield>
   <subfield code="4">0</subfield>
   <subfield code="6">320_954920000000000_HAQ</subfield>
   <subfield code="7">1</subfield>
   <subfield code="9">58093</subfield>
   <subfield code="a">SCL</subfield>
   <subfield code="b">SCL</subfield>
   <subfield code="c">GEN</subfield>
   <subfield code="d">2016-02-22</subfield>
   <subfield code="g">225.00</subfield>
   <subfield code="l">6</subfield>
   <subfield code="m">2</subfield>
   <subfield code="o">320.95492 HAQ</subfield>
   <subfield code="p">3020006979</subfield>
   <subfield code="r">2023-12-08</subfield>
   <subfield code="s">2023-11-29</subfield>
   <subfield code="t">2</subfield>
   <subfield code="w">2016-02-22</subfield>
   <subfield code="y">BK</subfield>
  </datafield>
  <datafield tag="952" ind1=" " ind2=" ">
   <subfield code="0">0</subfield>
   <subfield code="1">0</subfield>
   <subfield code="2">ddc</subfield>
   <subfield code="4">0</subfield>
   <subfield code="6">320_954920000000000_HAQ</subfield>
   <subfield code="7">0</subfield>
   <subfield code="9">60222</subfield>
   <subfield code="a">SCL</subfield>
   <subfield code="b">SCL</subfield>
   <subfield code="c">GEN</subfield>
   <subfield code="d">2017-04-18</subfield>
   <subfield code="e">Kollol Book </subfield>
   <subfield code="g">240.00</subfield>
   <subfield code="l">19</subfield>
   <subfield code="m">54</subfield>
   <subfield code="o">320.95492 HAQ</subfield>
   <subfield code="p">3020008786</subfield>
   <subfield code="r">2024-09-25</subfield>
   <subfield code="s">2024-09-17</subfield>
   <subfield code="t">3</subfield>
   <subfield code="w">2017-04-18</subfield>
   <subfield code="y">BK</subfield>
  </datafield>
  <datafield tag="952" ind1=" " ind2=" ">
   <subfield code="0">0</subfield>
   <subfield code="1">0</subfield>
   <subfield code="2">ddc</subfield>
   <subfield code="4">0</subfield>
   <subfield code="6">320_954920000000000_HAQ</subfield>
   <subfield code="7">0</subfield>
   <subfield code="9">60223</subfield>
   <subfield code="a">SCL</subfield>
   <subfield code="b">SCL</subfield>
   <subfield code="c">GEN</subfield>
   <subfield code="d">2017-04-18</subfield>
   <subfield code="e">Kollol Book </subfield>
   <subfield code="g">240.00</subfield>
   <subfield code="l">18</subfield>
   <subfield code="m">46</subfield>
   <subfield code="o">320.95492 HAQ</subfield>
   <subfield code="p">3020008785</subfield>
   <subfield code="r">2024-09-24</subfield>
   <subfield code="s">2024-09-17</subfield>
   <subfield code="t">4</subfield>
   <subfield code="w">2017-04-18</subfield>
   <subfield code="y">BK</subfield>
  </datafield>
  <datafield tag="952" ind1=" " ind2=" ">
   <subfield code="0">0</subfield>
   <subfield code="1">0</subfield>
   <subfield code="2">ddc</subfield>
   <subfield code="4">0</subfield>
   <subfield code="6">320_954920000000000_HAQ</subfield>
   <subfield code="7">0</subfield>
   <subfield code="9">61273</subfield>
   <subfield code="a">SCL</subfield>
   <subfield code="b">SCL</subfield>
   <subfield code="c">GEN</subfield>
   <subfield code="d">2017-09-14</subfield>
   <subfield code="e">Shaglap Boi Ghor </subfield>
   <subfield code="g">240.00</subfield>
   <subfield code="l">16</subfield>
   <subfield code="m">42</subfield>
   <subfield code="o">320.95492 HAQ</subfield>
   <subfield code="p">3020009150</subfield>
   <subfield code="r">2024-09-23</subfield>
   <subfield code="s">2024-09-16</subfield>
   <subfield code="t">5</subfield>
   <subfield code="w">2017-09-14</subfield>
   <subfield code="y">BK</subfield>
  </datafield>
  <datafield tag="952" ind1=" " ind2=" ">
   <subfield code="0">0</subfield>
   <subfield code="1">0</subfield>
   <subfield code="2">ddc</subfield>
   <subfield code="4">0</subfield>
   <subfield code="6">320_954920000000000_HAQ</subfield>
   <subfield code="7">0</subfield>
   <subfield code="9">61274</subfield>
   <subfield code="a">SCL</subfield>
   <subfield code="b">SCL</subfield>
   <subfield code="c">GEN</subfield>
   <subfield code="d">2017-09-14</subfield>
   <subfield code="e">Shaglap Boi Ghor </subfield>
   <subfield code="g">240.00</subfield>
   <subfield code="l">21</subfield>
   <subfield code="m">49</subfield>
   <subfield code="o">320.95492 HAQ</subfield>
   <subfield code="p">3020009151</subfield>
   <subfield code="r">2024-09-23</subfield>
   <subfield code="s">2024-09-17</subfield>
   <subfield code="t">6</subfield>
   <subfield code="w">2017-09-14</subfield>
   <subfield code="y">BK</subfield>
  </datafield>
  <datafield tag="952" ind1=" " ind2=" ">
   <subfield code="0">0</subfield>
   <subfield code="1">0</subfield>
   <subfield code="2">ddc</subfield>
   <subfield code="4">0</subfield>
   <subfield code="6">320_954920000000000_HAQ</subfield>
   <subfield code="7">0</subfield>
   <subfield code="9">61275</subfield>
   <subfield code="a">SCL</subfield>
   <subfield code="b">SCL</subfield>
   <subfield code="c">GEN</subfield>
   <subfield code="d">2017-09-14</subfield>
   <subfield code="e">Shaglap Boi Ghor </subfield>
   <subfield code="g">240.00</subfield>
   <subfield code="l">15</subfield>
   <subfield code="m">30</subfield>
   <subfield code="o">320.95492 HAQ</subfield>
   <subfield code="p">3020009152</subfield>
   <subfield code="r">2024-09-22</subfield>
   <subfield code="s">2024-09-17</subfield>
   <subfield code="t">7</subfield>
   <subfield code="w">2017-09-14</subfield>
   <subfield code="y">BK</subfield>
  </datafield>
  <datafield tag="952" ind1=" " ind2=" ">
   <subfield code="0">0</subfield>
   <subfield code="1">0</subfield>
   <subfield code="2">ddc</subfield>
   <subfield code="4">0</subfield>
   <subfield code="6">320_954920000000000_HAQ</subfield>
   <subfield code="7">0</subfield>
   <subfield code="9">61276</subfield>
   <subfield code="a">SCL</subfield>
   <subfield code="b">SCL</subfield>
   <subfield code="c">GEN</subfield>
   <subfield code="d">2017-09-14</subfield>
   <subfield code="e">Shaglap Boi Ghor </subfield>
   <subfield code="g">240.00</subfield>
   <subfield code="l">20</subfield>
   <subfield code="m">36</subfield>
   <subfield code="o">320.95492 HAQ</subfield>
   <subfield code="p">3020009153</subfield>
   <subfield code="r">2024-09-24</subfield>
   <subfield code="s">2024-09-16</subfield>
   <subfield code="t">8</subfield>
   <subfield code="w">2017-09-14</subfield>
   <subfield code="y">BK</subfield>
  </datafield>
  <datafield tag="952" ind1=" " ind2=" ">
   <subfield code="0">0</subfield>
   <subfield code="1">0</subfield>
   <subfield code="2">ddc</subfield>
   <subfield code="4">0</subfield>
   <subfield code="6">320_954920000000000_HAQ</subfield>
   <subfield code="7">0</subfield>
   <subfield code="9">61277</subfield>
   <subfield code="a">SCL</subfield>
   <subfield code="b">SCL</subfield>
   <subfield code="c">GEN</subfield>
   <subfield code="d">2017-09-14</subfield>
   <subfield code="e">Shaglap Boi Ghor </subfield>
   <subfield code="g">240.00</subfield>
   <subfield code="l">20</subfield>
   <subfield code="m">49</subfield>
   <subfield code="o">320.95492 HAQ</subfield>
   <subfield code="p">3020009154</subfield>
   <subfield code="r">2024-09-24</subfield>
   <subfield code="s">2024-09-18</subfield>
   <subfield code="t">9</subfield>
   <subfield code="w">2017-09-14</subfield>
   <subfield code="y">BK</subfield>
  </datafield>
  <datafield tag="952" ind1=" " ind2=" ">
   <subfield code="0">0</subfield>
   <subfield code="1">0</subfield>
   <subfield code="2">ddc</subfield>
   <subfield code="4">0</subfield>
   <subfield code="6">320_954920000000000_HAQ</subfield>
   <subfield code="7">0</subfield>
   <subfield code="9">63377</subfield>
   <subfield code="a">SCL</subfield>
   <subfield code="b">SCL</subfield>
   <subfield code="c">GEN</subfield>
   <subfield code="d">2018-05-24</subfield>
   <subfield code="e">Development Book Agency</subfield>
   <subfield code="g">255.00</subfield>
   <subfield code="l">13</subfield>
   <subfield code="m">47</subfield>
   <subfield code="o">320.95492 HAQ</subfield>
   <subfield code="p">3020009632</subfield>
   <subfield code="r">2024-09-22</subfield>
   <subfield code="s">2024-09-17</subfield>
   <subfield code="t">10</subfield>
   <subfield code="w">2018-05-24</subfield>
   <subfield code="y">BK</subfield>
  </datafield>
  <datafield tag="952" ind1=" " ind2=" ">
   <subfield code="0">0</subfield>
   <subfield code="1">0</subfield>
   <subfield code="2">ddc</subfield>
   <subfield code="4">0</subfield>
   <subfield code="6">320_954920000000000_HAQ</subfield>
   <subfield code="7">0</subfield>
   <subfield code="9">74063</subfield>
   <subfield code="a">SCL</subfield>
   <subfield code="b">SCL</subfield>
   <subfield code="c">GEN</subfield>
   <subfield code="d">2023-07-16</subfield>
   <subfield code="e">Development Book Agency</subfield>
   <subfield code="g">320.00</subfield>
   <subfield code="l">7</subfield>
   <subfield code="m">7</subfield>
   <subfield code="o">320.95492 HAQ</subfield>
   <subfield code="p">3020041608</subfield>
   <subfield code="r">2024-09-22</subfield>
   <subfield code="s">2024-09-18</subfield>
   <subfield code="t">12</subfield>
   <subfield code="v">320.00</subfield>
   <subfield code="w">2023-07-16</subfield>
   <subfield code="y">BK</subfield>
  </datafield>
  <datafield tag="952" ind1=" " ind2=" ">
   <subfield code="0">0</subfield>
   <subfield code="1">0</subfield>
   <subfield code="2">ddc</subfield>
   <subfield code="4">0</subfield>
   <subfield code="6">320_954920000000000_HAQ</subfield>
   <subfield code="7">0</subfield>
   <subfield code="9">74064</subfield>
   <subfield code="a">SCL</subfield>
   <subfield code="b">SCL</subfield>
   <subfield code="c">GEN</subfield>
   <subfield code="d">2023-07-16</subfield>
   <subfield code="e">Development Book Agency</subfield>
   <subfield code="g">320.00</subfield>
   <subfield code="l">5</subfield>
   <subfield code="m">17</subfield>
   <subfield code="o">320.95492 HAQ</subfield>
   <subfield code="p">3020041616</subfield>
   <subfield code="r">2024-09-24</subfield>
   <subfield code="s">2024-09-18</subfield>
   <subfield code="t">20</subfield>
   <subfield code="v">320.00</subfield>
   <subfield code="w">2023-07-16</subfield>
   <subfield code="y">BK</subfield>
  </datafield>
  <datafield tag="952" ind1=" " ind2=" ">
   <subfield code="0">0</subfield>
   <subfield code="1">0</subfield>
   <subfield code="2">ddc</subfield>
   <subfield code="4">0</subfield>
   <subfield code="6">320_954920000000000_HAQ</subfield>
   <subfield code="7">0</subfield>
   <subfield code="9">74065</subfield>
   <subfield code="a">SCL</subfield>
   <subfield code="b">SCL</subfield>
   <subfield code="c">GEN</subfield>
   <subfield code="d">2023-07-16</subfield>
   <subfield code="e">Development Book Agency</subfield>
   <subfield code="g">320.00</subfield>
   <subfield code="l">6</subfield>
   <subfield code="m">11</subfield>
   <subfield code="o">320.95492 HAQ</subfield>
   <subfield code="p">3020041611</subfield>
   <subfield code="r">2024-09-24</subfield>
   <subfield code="s">2024-09-16</subfield>
   <subfield code="t">15</subfield>
   <subfield code="v">320.00</subfield>
   <subfield code="w">2023-07-16</subfield>
   <subfield code="y">BK</subfield>
  </datafield>
  <datafield tag="952" ind1=" " ind2=" ">
   <subfield code="0">0</subfield>
   <subfield code="1">0</subfield>
   <subfield code="2">ddc</subfield>
   <subfield code="4">0</subfield>
   <subfield code="6">320_954920000000000_HAQ</subfield>
   <subfield code="7">0</subfield>
   <subfield code="9">74066</subfield>
   <subfield code="a">SCL</subfield>
   <subfield code="b">SCL</subfield>
   <subfield code="c">GEN</subfield>
   <subfield code="d">2023-07-16</subfield>
   <subfield code="e">Development Book Agency</subfield>
   <subfield code="g">320.00</subfield>
   <subfield code="l">5</subfield>
   <subfield code="m">18</subfield>
   <subfield code="o">320.95492 HAQ</subfield>
   <subfield code="p">3020041615</subfield>
   <subfield code="r">2024-09-24</subfield>
   <subfield code="s">2024-09-19</subfield>
   <subfield code="t">19</subfield>
   <subfield code="v">320.00</subfield>
   <subfield code="w">2023-07-16</subfield>
   <subfield code="y">BK</subfield>
  </datafield>
  <datafield tag="952" ind1=" " ind2=" ">
   <subfield code="0">0</subfield>
   <subfield code="1">0</subfield>
   <subfield code="2">ddc</subfield>
   <subfield code="4">0</subfield>
   <subfield code="6">320_954920000000000_HAQ</subfield>
   <subfield code="7">0</subfield>
   <subfield code="9">74067</subfield>
   <subfield code="a">SCL</subfield>
   <subfield code="b">SCL</subfield>
   <subfield code="c">GEN</subfield>
   <subfield code="d">2023-07-16</subfield>
   <subfield code="e">Development Book Agency</subfield>
   <subfield code="g">320.00</subfield>
   <subfield code="l">4</subfield>
   <subfield code="m">14</subfield>
   <subfield code="o">320.95492 HAQ</subfield>
   <subfield code="p">3020041610</subfield>
   <subfield code="r">2024-09-22</subfield>
   <subfield code="s">2024-04-25</subfield>
   <subfield code="t">14</subfield>
   <subfield code="v">320.00</subfield>
   <subfield code="w">2023-07-16</subfield>
   <subfield code="y">BK</subfield>
  </datafield>
  <datafield tag="952" ind1=" " ind2=" ">
   <subfield code="0">0</subfield>
   <subfield code="1">0</subfield>
   <subfield code="2">ddc</subfield>
   <subfield code="4">0</subfield>
   <subfield code="6">320_954920000000000_HAQ</subfield>
   <subfield code="7">0</subfield>
   <subfield code="9">74068</subfield>
   <subfield code="a">SCL</subfield>
   <subfield code="b">SCL</subfield>
   <subfield code="c">GEN</subfield>
   <subfield code="d">2023-07-16</subfield>
   <subfield code="e">Development Book Agency</subfield>
   <subfield code="g">320.00</subfield>
   <subfield code="l">9</subfield>
   <subfield code="m">10</subfield>
   <subfield code="o">320.95492 HAQ</subfield>
   <subfield code="p">3020041614</subfield>
   <subfield code="r">2024-09-22</subfield>
   <subfield code="s">2024-09-22</subfield>
   <subfield code="t">18</subfield>
   <subfield code="v">320.00</subfield>
   <subfield code="w">2023-07-16</subfield>
   <subfield code="y">BK</subfield>
  </datafield>
  <datafield tag="952" ind1=" " ind2=" ">
   <subfield code="0">0</subfield>
   <subfield code="1">0</subfield>
   <subfield code="2">ddc</subfield>
   <subfield code="4">0</subfield>
   <subfield code="6">320_954920000000000_HAQ</subfield>
   <subfield code="7">0</subfield>
   <subfield code="9">74069</subfield>
   <subfield code="a">SCL</subfield>
   <subfield code="b">SCL</subfield>
   <subfield code="c">GEN</subfield>
   <subfield code="d">2023-07-16</subfield>
   <subfield code="e">Development Book Agency</subfield>
   <subfield code="g">320.00</subfield>
   <subfield code="l">11</subfield>
   <subfield code="m">8</subfield>
   <subfield code="o">320.95492 HAQ</subfield>
   <subfield code="p">3020041613</subfield>
   <subfield code="r">2025-01-11</subfield>
   <subfield code="s">2024-12-22</subfield>
   <subfield code="t">17</subfield>
   <subfield code="v">320.00</subfield>
   <subfield code="w">2023-07-16</subfield>
   <subfield code="y">BK</subfield>
  </datafield>
  <datafield tag="952" ind1=" " ind2=" ">
   <subfield code="0">0</subfield>
   <subfield code="1">0</subfield>
   <subfield code="2">ddc</subfield>
   <subfield code="4">0</subfield>
   <subfield code="6">320_954920000000000_HAQ</subfield>
   <subfield code="7">0</subfield>
   <subfield code="9">74070</subfield>
   <subfield code="a">SCL</subfield>
   <subfield code="b">SCL</subfield>
   <subfield code="c">GEN</subfield>
   <subfield code="d">2023-07-16</subfield>
   <subfield code="e">Development Book Agency</subfield>
   <subfield code="g">320.00</subfield>
   <subfield code="l">7</subfield>
   <subfield code="m">13</subfield>
   <subfield code="o">320.95492 HAQ</subfield>
   <subfield code="p">3020041609</subfield>
   <subfield code="r">2025-05-14</subfield>
   <subfield code="s">2025-04-16</subfield>
   <subfield code="t">13</subfield>
   <subfield code="v">320.00</subfield>
   <subfield code="w">2023-07-16</subfield>
   <subfield code="y">BK</subfield>
  </datafield>
  <datafield tag="952" ind1=" " ind2=" ">
   <subfield code="0">0</subfield>
   <subfield code="1">0</subfield>
   <subfield code="2">ddc</subfield>
   <subfield code="4">0</subfield>
   <subfield code="6">320_954920000000000</subfield>
   <subfield code="7">0</subfield>
   <subfield code="9">74071</subfield>
   <subfield code="a">SCL</subfield>
   <subfield code="b">SCL</subfield>
   <subfield code="c">GEN</subfield>
   <subfield code="d">2023-07-16</subfield>
   <subfield code="e">Development Book Agency</subfield>
   <subfield code="g">320.00</subfield>
   <subfield code="l">3</subfield>
   <subfield code="m">26</subfield>
   <subfield code="o">320.95492 </subfield>
   <subfield code="p">3020041612</subfield>
   <subfield code="r">2024-09-22</subfield>
   <subfield code="s">2024-09-15</subfield>
   <subfield code="t">16</subfield>
   <subfield code="v">320.00</subfield>
   <subfield code="w">2023-07-16</subfield>
   <subfield code="y">BK</subfield>
  </datafield>
  <datafield tag="952" ind1=" " ind2=" ">
   <subfield code="0">0</subfield>
   <subfield code="1">0</subfield>
   <subfield code="2">ddc</subfield>
   <subfield code="4">0</subfield>
   <subfield code="6">320_954920000000000_HAQ</subfield>
   <subfield code="7">0</subfield>
   <subfield code="9">74072</subfield>
   <subfield code="a">SCL</subfield>
   <subfield code="b">SCL</subfield>
   <subfield code="c">GEN</subfield>
   <subfield code="d">2023-07-16</subfield>
   <subfield code="e">Development Book Agency</subfield>
   <subfield code="g">320.00</subfield>
   <subfield code="l">7</subfield>
   <subfield code="m">10</subfield>
   <subfield code="o">320.95492 HAQ</subfield>
   <subfield code="p">3020041607</subfield>
   <subfield code="r">2024-09-24</subfield>
   <subfield code="s">2024-09-10</subfield>
   <subfield code="t">11</subfield>
   <subfield code="v">320.00</subfield>
   <subfield code="w">2023-07-16</subfield>
   <subfield code="y">BK</subfield>
  </datafield>
 </record>
</collection>
